Normal view
MARC view
Entry Personal Name
001 - CONTROL NUMBER
- control field: 7921
003 - CONTROL NUMBER IDENTIFIER
- control field: Ke-BoTe
005 - DATE AND TIME OF LATEST TRANSACTION
- control field: 20220608141750.0
008 - FIXED-LENGTH DATA ELEMENTS
- fixed length control field: 220608|| aca||aabn | a|a d
040 ## - CATALOGING SOURCE
- Original cataloging agency: Ke-BoTe
- Transcribing agency: Ke-BoTe
100 ## - HEADING--PERSONAL NAME
- Personal name: Hudak, Carolyn M.
- Fuller form of name: Carolyn M Hudak; Barbara M Gallo; Thelma Lohr
670 ## - SOURCE DATA FOUND
- Source citation: Work cat.: (Ke-BoTe)3727: Hudak, Carolyn M. Carolyn M Hudak; Barbara M Gallo; Thelma Lohr, Work manual for critical care nursing /, ©1977.
